000 00408nam a2200145Ia 4500
008 240729s9999 xx 000 0 und d
022 _a2689-7040
245 0 _aJournal of Human Services
260 _aUnited States
260 _bNational Organization for Human Services
650 _aSocial Sciences
856 _uhttps://doaj.org/toc/4223128b7f534057852895f011b604ee
942 _2ddc
942 _cDOAJEJ
999 _c73413
_d73413
945 _a1
_bMadushi Gamage
_c1
_dMadushi Gamage